000 01196nam a2200349 4500
001 1845716
003 000
005 20250505105247.0
007 000
008 000
010 _a 81105879
015 _aC***
020 _a088936267X
040 _aUOEL
_cDLC
_dDLC
043 _aa------
050 0 0 _aSB317
_bB2 1980
082 0 0 _a633.5/8
_219
245 0 0 _aBamboo research in Asia :
_bproceedings of a workshop held in Singapore, 28-30 May 1980 /
_ceditors Gilles Lessard and Amy Chouinard.
260 _aOttawa :
_bInternational Development Research Centre,
_cc1980.
300 _a228 p. :
_bill. ;
_c25 cm.
500 _a"IDRC-159e."
500 _aOrganized by the International Development Research Centre and the International Union of Forestry Research Organizations.
504 _aBibliography: p. 209-228.
650 0 _aBamboo
_zAsia
_xCongresses.
650 0 _aBamboo
_xResearch
_zAsia
_xCongresses.
700 1 _aLessard, Gilles.
700 1 _aChouinard, Amy.
710 2 _aInternational Development Research Centre (Canada)
710 2 _aInternational Union of Forestry Research Organizations.
906 _a7
_bcbc
_corignew
_d4
_encip
_f19
_gy-gencatlg
942 _2lcc
_cBK
999 _c7287
_d7287